| 000 | 00817cam a2200277 a 4500 | ||
|---|---|---|---|
| 008 | |||
| 020 | _a9781412907675 (pbk.) | ||
| 049 | _aMAIN | ||
| 090 |
_aRC481 _bCAS |
||
| 100 | 1 | _aCasemore, Roger. | |
| 245 | 1 | 0 |
_aPerson-centred counselling in a nutshell / _cRoger Casemore. |
| 260 |
_aLondon : _bSAGE, _cc2006. |
||
| 300 |
_a109 p. ; _c18 cm. |
||
| 440 | _aCounselling in a nutshell series. | ||
| 500 | _aIncludes index. | ||
| 504 | _aIncludes bibliographical references . | ||
| 650 | 0 | _aClient-centered psychotherapy. | |
| 650 | 0 | _aCounseling. | |
| 700 | _aDryden, Windy. | ||
| 830 | 0 | _aCounselling in a nutshell series. | |
| 907 |
_a.b10320763 _b28-10-13 _c15-10-12 |
||
| 003 | |||
| 005 | 20230123125458.0 | ||
| 040 | _cNUST | ||
| 942 |
_cBOOKS _kRC481 _mCAS |
||
| 999 |
_c142216 _d142216 |
||